000 01229nam a2200241 4500
005 20251005070534.0
020 _a0195664957
_cTZS 19,360.4/=
040 _aMCCL
_beng.
_eAACR 2nd. rev. ed.
082 _a346.03 KID
100 _aKidner, Richard
245 _aCasebook on torts
_c/ Richard Kidner
250 _a7th ed.
260 _aNew Delhi:
_bOxford University Press,
_cc2002.
300 _axxxiv,499 p. :
_c24 cm.
504 _aIncludes index.
520 _aCasebook on Torts is essential reading for students new to studying tort law at undergraduate level, providing a comprehensive, portable library of the leading cases in the field. It presents an impressive range of carefully edited extracts, which clearly illustrate the essence and reasoning behind each decision made. Concise author commentary focuses the reader on the key elements within the extracts, while end-of-chapter questions encourages them to check theirunderstanding as they progress. Statutory materials have been included where they are necessary to understand the subject. The book i
546 _aeng.
650 _aTorts
_zEngland
650 _aDefence to nedligence
650 _aDefamation
700 _aKidner, Richard
942 _cBK
999 _c11809
_d11809